00604nam a2200157Ia 4500008004100000082001600041100001500057245006300072260004100135365000600176630006300182730006300245942000900308999001900317952011000336100415s9999 xx 000 0 und d b5789a595.7 aParker,B.M aSix- Legged Neighbors: The Basre Sciences Education Series aEVANSTONc1956bROW PETERSON AND CO. b4 aSix- Legged Neighbors: The Basre Sciences Education Series aSix- Legged Neighbors: The Basre Sciences Education Series cBOOK c588762d588759 00104070aBNHSbBNHSd1960-05-02g4.00l0o595.7 5789pBNHS-5789r2010-04-15 00:00:00w2010-04-15yBOOK